[Event "RUS-chT 19th"]
[Site "Sochi"]
[Date "2012.04.15"]
[Round "7"]
[White "Dzhumabaev, Ruslan"]
[Black "Manukyan, Sargis V"]
[Result "0-1"]
[WhiteElo "2287"]
[BlackElo "2266"]
[PlyCount "46"]
[EventDate "2012.04.09"]
[EventType "team-swiss"]
[EventRounds "7"]
[EventCountry "RUS"]
[SourceTitle "CBM 148"]
[Source "ChessBase"]
[SourceDate "2012.05.16"]
[SourceVersion "1"]
[SourceVersionDate "2012.05.16"]
[SourceQuality "1"]
[WhiteTeam "Vladivostok"]
[BlackTeam "Desnogorsk Atom"]
[WhiteTeamCountry "RUS"]
[BlackTeamCountry "RUS"]

1. e4 c5 2. Nc3 e6 3. f4 d5 4. exd5 exd5 5. Bb5+ Nc6 6. Nf3 Nf6 7. Ne5 Qc7 8. Qf3 Be6 9. 0-0 Bd6 10. Nxc6 bxc6 11. Be2 0-0 12. d3 Bf5 13. h3 h5 14. Bd2 c4 15. Nd1 Rfe8 16. Nf2 Qb6 17. b3 Bg4 18. hxg4 hxg4 19. Qg3 Rxe2 20. Bc3 Re3 21. Qh4 g3 22. Nd1 Rf3+ 23. d4 Rxc3 0-1

[Event "Vladivostok op-A"]
[Site "Vladivostok"]
[Date "2010.08.09"]
[Round "6"]
[White "Dzhumabaev, Ruslan"]
[Black "Shukin, Andrey"]
[Result "1-0"]
[WhiteElo "2269"]
[BlackElo "2223"]
[PlyCount "63"]
[EventDate "2010.08.04"]
[EventType "swiss"]
[EventRounds "9"]
[EventCountry "RUS"]
[SourceTitle "CBM 138 Extra"]
[Source "ChessBase"]
[SourceDate "2010.10.29"]
[SourceVersion "1"]
[SourceVersionDate "2010.10.29"]
[SourceQuality "1"]

1. e4 c5 2. Nc3 e6 3. f4 a6 4. a4 d5 5. e5 Nc6 6. Nf3 Nh6 7. g3 Qb6 8. d3 Be7 9. Bh3 Bd7 10. 0-0 g6 11. Kh1 0-0-0 12. Bd2 f5 13. exf6 Bxf6 14. a5 Qc7 15. Na4 Nd4 16. Nb6+ Kb8 17. Ne5 Bc6 18. c3 Nb5 19. Nxc6+ Qxc6 20. f5 Nxf5 21. g4 Rhg8 22. gxf5 gxf5 23. Qf3 Ka7 24. Rg1 Be5 25. Bf4 Bxf4 26. Qxf4 d4+ 27. Bg2 Rxg2 28. Rxg2 Rg8 29. Qf2 dxc3 30. bxc3 Nxc3 31. Kg1 Rd8 32. Rc1 1-0

[Event "Vladivostok City at Sea-B op"]
[Site "Vladivostok"]
[Date "2009.08.01"]
[Round "8"]
[White "Dolbnya, Darya"]
[Black "Dzhumabaev, Ruslan"]
[Result "0-1"]
[WhiteElo "1950"]
[BlackElo "2261"]
[PlyCount "89"]
[EventDate "2009.07.24"]
[EventType "swiss"]
[EventRounds "9"]
[EventCountry "RUS"]
[SourceTitle "EXT 2022"]
[Source "ChessBase"]
[SourceDate "2021.10.06"]
[SourceVersion "1"]
[SourceVersionDate "2021.10.06"]
[SourceQuality "1"]

1. c4 c6 2. Nc3 d5 3. e3 Nf6 4. Nf3 g6 5. d4 Bg7 6. Bd3 0-0 7. 0-0 Nbd7 8. b3 dxc4 9. bxc4 Re8 10. e4 e5 11. d5 Nc5 12. Bc2 Qa5 13. Bd2 Qa6 14. Qe2 cxd5 15. exd5 Bg4 16. h3 e4 17. hxg4 exf3 18. Qxf3 Qxc4 19. g5 Nfe4 20. Bxe4 Nxe4 21. Nxe4 Rxe4 22. Rad1 Qxd5 23. Bc3 Qe6 24. Bxg7 Kxg7 25. Qc3+ Qe5 26. Qb3 Qe7 27. Rd3 Rc8 28. Rh3 Rc7 29. Qg3 Re1 30. Rxe1 Qxe1+ 31. Kh2 Rc1 32. Qh4 Qg1+ 33. Kg3 Rc3+ 34. f3 Qe1+ 35. Kh2 Qxh4 36. Rxh4 b5 37. a4 Rc4 38. f4 Rxa4 39. Kg3 Ra3+ 40. Kf2 a5 41. Rh1 b4 42. Rb1 Rc3 43. Ke1 Rc4 44. g3 a4 45. Kd2 0-1

[Event "Vladivostok City at Sea-B op"]
[Site "Vladivostok"]
[Date "2009.07.31"]
[Round "7"]
[White "Dzhumabaev, Ruslan"]
[Black "Shukin, Andrey"]
[Result "0-1"]
[WhiteElo "2261"]
[BlackElo "2197"]
[PlyCount "76"]
[EventDate "2009.07.24"]
[EventType "swiss"]
[EventRounds "9"]
[EventCountry "RUS"]
[SourceTitle "EXT 2022"]
[Source "ChessBase"]
[SourceDate "2021.10.06"]
[SourceVersion "1"]
[SourceVersionDate "2021.10.06"]
[SourceQuality "1"]

1. e4 c5 2. Nc3 a6 3. f4 b5 4. a3 Bb7 5. d3 e6 6. Nf3 d5 7. e5 Nc6 8. g3 Nge7 9. Bg2 Nf5 10. 0-0 Qb6 11. Ne2 h5 12. c3 Be7 13. Bh3 d4 14. cxd4 Ncxd4 15. Nexd4 cxd4 16. Bd2 a5 17. Qe2 Rd8 18. Rac1 Bd5 19. Ng5 h4 20. g4 Ne3 21. Rfe1 b4 22. axb4 Bxb4 23. Bxb4 axb4 24. Ne4 Ba8 25. Nd6+ Rxd6 26. exd6 Qb7 27. Kf2 0-0 28. Rg1 Qd5 29. Ke1 Qxd6 30. Qf2 e5 31. g5 exf4 32. Qxh4 b3 33. Kf2 f3 34. Bg4 Qf4 35. Rce1 Nd1+ 36. Kf1 f2 37. Rxd1 fxg1Q+ 38. Kxg1 Bf3 0-1

[Event "Vladivostok City at Sea-B op"]
[Site "Vladivostok"]
[Date "2009.07.27"]
[Round "3"]
[White "Dzhumabaev, Ruslan"]
[Black "Rychkov, Oleg"]
[Result "0-1"]
[WhiteElo "2261"]
[BlackElo "2048"]
[PlyCount "108"]
[EventDate "2009.07.24"]
[EventType "swiss"]
[EventRounds "9"]
[EventCountry "RUS"]
[SourceTitle "EXT 2022"]
[Source "ChessBase"]
[SourceDate "2021.10.06"]
[SourceVersion "1"]
[SourceVersionDate "2021.10.06"]
[SourceQuality "1"]

1. e4 c5 2. Nc3 Nc6 3. f4 g6 4. Nf3 Bg7 5. g3 d6 6. Bg2 e6 7. d3 Nge7 8. Rb1 Rb8 9. Bd2 b5 10. a3 a5 11. a4 b4 12. Nb5 Nd4 13. c4 Nec6 14. 0-0 0-0 15. b3 Nxf3+ 16. Qxf3 Bb7 17. Be3 f5 18. Qf2 fxe4 19. dxe4 e5 20. f5 Nd4 21. g4 Bf6 22. Bh6 Bg7 23. Qe3 gxf5 24. gxf5 Bxh6 25. Qxh6 Qf6 26. Qxf6 Rxf6 27. Kf2 Kf7 28. h4 Ba6 29. Bf3 Bxb5 30. axb5 Rh6 31. Rh1 Ra8 32. Bd1 d5 33. exd5 Nxf5 34. Bg4 Nd4 35. Ke3 Ke7 36. Bd1 Nf5+ 37. Kd3 e4+ 38. Kd2 Rg8 39. Rh2 Nxh4 40. Rb2 Nf3+ 41. Ke3 Nd4 42. Rhf2 Rh4 43. Rf4 Rh1 44. Rxe4+ Kd6 45. Kd2 Rg2+ 46. Kd3 Rgg1 47. Kd2 Nxb3+ 48. Rxb3 Rxd1+ 49. Kc2 a4 50. Rf3 b3+ 51. Kc3 Rc1+ 52. Kd2 Rc2+ 53. Kd3 Rd1+ 54. Ke3 Re1+ 0-1

[Event "DV FR-ch U18 op"]
[Site "Vladivostok"]
[Date "2008.11.08"]
[Round "9"]
[White "Lyaskovsky, Viktor"]
[Black "Dzhumabaev, Ruslan"]
[Result "1-0"]
[WhiteElo "2284"]
[BlackElo "2284"]
[PlyCount "56"]
[EventDate "2008.11.03"]
[EventType "swiss"]
[EventRounds "9"]
[EventCountry "RUS"]
[SourceTitle "EXT 2022"]
[Source "ChessBase"]
[SourceDate "2021.10.06"]
[SourceVersion "1"]
[SourceVersionDate "2021.10.06"]
[SourceQuality "1"]

1. e4 c6 2. d4 d5 3. e5 Bf5 4. Nc3 e6 5. g4 Bg6 6. Nge2 c5 7. h4 h6 8. Be3 Nc6 9. dxc5 Nxe5 10. Nf4 a6 11. Nxg6 Nxg6 12. Qe2 Qa5 13. 0-0-0 0-0-0 14. c6 b5 15. a4 Ne5 16. Bb6 Qxb6 17. Qxe5 b4 18. Nxd5 exd5 19. Rxd5 Rxd5 20. Qxd5 Nf6 21. Qf5+ Kc7 22. Bg2 Qc5 23. Qd3 a5 24. Qa6 Qb6 25. Qc4 Kb8 26. Rd1 Bc5 27. g5 hxg5 28. hxg5 Ne8 1-0

[Event "DV FR-ch U18 op"]
[Site "Vladivostok"]
[Date "2008.11.04"]
[Round "2"]
[White "Dzhumabaev, Ruslan"]
[Black "Demkin, Yaroslav"]
[Result "1-0"]
[WhiteElo "2284"]
[BlackElo "1911"]
[PlyCount "22"]
[EventDate "2008.11.03"]
[EventType "swiss"]
[EventRounds "9"]
[EventCountry "RUS"]
[SourceTitle "EXT 2022"]
[Source "ChessBase"]
[SourceDate "2021.10.06"]
[SourceVersion "1"]
[SourceVersionDate "2021.10.06"]
[SourceQuality "1"]

1. e4 e5 2. Nf3 Nc6 3. Nc3 Bc5 4. Nxe5 Nxe5 5. d4 Bxd4 6. Qxd4 f6 7. f4 Nc6 8. Qd5 Nb4 9. Qb3 Nc6 10. Be3 d6 11. Bc4 Qe7 1-0

[Event "Lesozavodsk op"]
[Site "Lesozavodsk"]
[Date "2008.06.??"]
[Round "9"]
[White "Meshkov, Ivan"]
[Black "Dzhumabaev, Ruslan"]
[Result "1/2-1/2"]
[WhiteElo "2275"]
[BlackElo "2270"]
[PlyCount "43"]
[EventDate "2008.06.12"]
[EventType "swiss"]
[EventRounds "9"]
[EventCountry "RUS"]
[SourceTitle "CBM 124 Extra"]
[Source "ChessBase"]
[SourceDate "2008.07.03"]
[SourceVersion "1"]
[SourceVersionDate "2008.07.03"]
[SourceQuality "1"]

1. d4 d5 2. c4 c6 3. cxd5 cxd5 4. Nc3 Nf6 5. Bf4 g6 6. e3 Bg7 7. Bxb8 Rxb8 8. Qa4+ Bd7 9. Qxa7 0-0 10. Qa3 Qb6 11. Qb3 Qxb3 12. axb3 Ra8 13. Ra3 Rfc8 14. Nge2 b5 15. b4 e6 16. Rb3 Ra1+ 17. Kd2 Ng4 18. f3 Nxh2 19. Rxh2 Rxf1 20. Nd1 e5 21. Ng3 Rg1 22. Ne2 1/2-1/2

[Event "DV FR-ch U18"]
[Site "Vladivostok"]
[Date "2007.11.06"]
[Round "5"]
[White "Burachenok, Dmitri"]
[Black "Dzhumabaev, Ruslan"]
[Result "1/2-1/2"]
[WhiteElo "2176"]
[BlackElo "2256"]
[PlyCount "103"]
[EventDate "2007.11.02"]
[EventType "swiss"]
[EventRounds "9"]
[EventCountry "RUS"]
[SourceTitle "EXT 2022"]
[Source "ChessBase"]
[SourceDate "2021.10.06"]
[SourceVersion "1"]
[SourceVersionDate "2021.10.06"]
[SourceQuality "1"]

1. c4 c6 2. d4 d5 3. e3 Nf6 4. Nc3 g6 5. Nf3 Bg7 6. b4 0-0 7. Bb2 Nbd7 8. Qb3 Nb6 9. cxd5 Nbxd5 10. Bc4 Nxc3 11. Bxc3 Nd5 12. Bb2 Qd6 13. Ba3 b5 14. Bxd5 cxd5 15. Rc1 Bb7 16. Rc5 a6 17. 0-0 Rfc8 18. Rfc1 Rxc5 19. Rxc5 e6 20. Qc3 Qb6 21. Rc7 Bf8 22. Ng5 f6 23. Nxe6 Qxe6 24. Rxb7 Bd6 25. g3 Rc8 26. Qd3 Bc7 27. Qb3 Qc6 28. Ra7 Rd8 29. Bb2 Qb6 30. Ra8 Qc6 31. Rxd8+ Bxd8 32. Qc3 Qxc3 33. Bxc3 f5 34. Kf1 Bc7 35. Ke2 g5 36. f3 h5 37. e4 Kf7 38. Bd2 Kf6 39. e5+ Kg6 40. h4 f4 41. gxf4 gxh4 42. Kf2 Kf5 43. Kg2 Bb6 44. Be3 Bd8 45. Kh3 Be7 46. Bd2 Bd8 47. a3 Be7 48. Be1 Bd8 49. Bxh4 Bb6 50. Bf2 Bd8 51. Be3 Be7 52. Bf2 1/2-1/2

[Event "DV FR-chT"]
[Site "Vladivostok"]
[Date "2007.10.05"]
[Round "7"]
[White "Pervushov, Maksim"]
[Black "Dzhumabaev, Ruslan"]
[Result "1/2-1/2"]
[WhiteElo "2411"]
[BlackElo "2256"]
[PlyCount "164"]
[EventDate "2007.09.29"]
[EventType "team-tourn"]
[EventRounds "7"]
[EventCountry "RUS"]
[SourceTitle "EXT 2022"]
[Source "ChessBase"]
[SourceDate "2021.10.06"]
[SourceVersion "1"]
[SourceVersionDate "2021.10.06"]
[SourceQuality "1"]

1. c4 c6 2. b3 d5 3. Bb2 Nf6 4. e3 Nbd7 5. f4 g6 6. Nf3 Bg7 7. Be2 0-0 8. 0-0 Nc5 9. b4 Nce4 10. c5 Nd7 11. Bxg7 Kxg7 12. g4 a5 13. Qa4 b5 14. cxb6 Qxb6 15. bxa5 Rxa5 16. Qd4+ Qxd4 17. Nxd4 Bb7 18. d3 Nd6 19. Nb3 Ra7 20. a4 e5 21. fxe5 Nxe5 22. Nc5 Bc8 23. Rf4 g5 24. Rb4 f5 25. gxf5 Nxf5 26. d4 Nxe3 27. dxe5 Nc2 28. Rb6 Nxa1 29. Na3 Bf5 30. Rxc6 Rc8 31. Rxc8 Bxc8 32. Nb5 Re7 33. Nd4 Rxe5 34. Kf2 Re7 35. a5 Kf6 36. Nb5 Nc2 37. a6 Bxa6 38. Nxa6 Ke5 39. Bd1 Rf7+ 40. Ke2 Nd4+ 41. Nxd4 Kxd4 42. Nb4 Rf4 43. Nc2+ Kc3 44. Ne3 Rd4 45. Nf1 Re4+ 46. Kf2 Rf4+ 47. Ke1 Re4+ 48. Kf2 d4 49. h3 d3 50. Bg4 Kc2 51. Ne3+ Kc1 52. Bf3 Rf4 53. Ng2 Rf8 54. Ne3 d2 55. Kg3 Rd8 56. Kf2 Rf8 57. Kg3 Rf4 58. Bg4 Re4 59. Kf3 Re8 60. Kf2 Rf8+ 61. Kg3 Kb2 62. Nd1+ Kc2 63. Nf2 Kc3 64. Nd1+ Kd4 65. Nf2 Ra8 66. Nd1 Re8 67. Nf2 Re3+ 68. Kg2 Ke5 69. Nd1 Re1 70. Kg3 Kf6 71. Bh5 Kg7 72. Nf2 Kh6 73. Bd1 Re3+ 74. Kg2 Rc3 75. Bf3 Rc1 76. Be2 Rc3 77. Bf3 Kg6 78. Be4+ Kh5 79. Bf3+ Kh4 80. Nd1 Ra3 81. Nf2 h5 82. Bd1 Rg3+ 1/2-1/2

[Event "DV FR-chT"]
[Site "Vladivostok"]
[Date "2007.10.03"]
[Round "5"]
[White "Dzhumabaev, Ruslan"]
[Black "Gritsenko, Andrey"]
[Result "1-0"]
[WhiteElo "2256"]
[BlackElo "2314"]
[PlyCount "71"]
[EventDate "2007.09.29"]
[EventType "team-tourn"]
[EventRounds "7"]
[EventCountry "RUS"]
[SourceTitle "EXT 2022"]
[Source "ChessBase"]
[SourceDate "2021.10.06"]
[SourceVersion "1"]
[SourceVersionDate "2021.10.06"]
[SourceQuality "1"]

1. e4 c5 2. Nc3 d6 3. f4 Nc6 4. Nf3 g6 5. g3 Bg7 6. Bg2 e6 7. d3 Nge7 8. Rb1 0-0 9. 0-0 Rb8 10. Bd2 b5 11. a3 Qb6 12. Kh1 c4 13. Ne2 cxd3 14. cxd3 b4 15. a4 Ba6 16. Nc1 Rfc8 17. Re1 b3 18. Bc3 Nd4 19. Nxd4 Bxd4 20. a5 Qc5 21. Nxb3 Rxb3 22. Qxb3 Bxc3 23. Qxc3 Qf2 24. Rf1 Qe2 25. Rbe1 Rxc3 26. Rxe2 Rxd3 27. Rc2 Bb5 28. Rfc1 Rd4 29. Kg1 a6 30. Rc7 Kf8 31. Bf1 Bxf1 32. Kxf1 d5 33. Ra7 dxe4 34. Rcc7 Nf5 35. Rxf7+ Kg8 36. Rfd7 1-0